000 00318nam a22001457a 4500
008 210312b ||||| |||| 00| 0 eng d
020 _a9780558774721
041 _aeng
080 _23rd
_a34
082 _a34
100 _a13
101 _aJUR
245 _aTort Law for Paralegals
_cBevans, N. R
942 _2udc
_cBK
999 _c56562
_d56562